LEADER 02049nam 2200409 n 450 001 996395804903316 005 20200824120840.0 035 $a(CKB)3810000000011491 035 $a(EEBO)2264205348 035 $a(UnM)99826510e 035 $a(UnM)99826510 035 $a(EXLCZ)993810000000011491 100 $a19941215d1697 uy | 101 0 $aeng 135 $aurbn||||a|bb| 200 04$aThe London almanack$b[electronic resource] $eFor the year of our Lord, 1697. For the year of the world, 5697. And for the year of His Majesties reign, 9. Containing I. The moon's rising, setting and southing. II. The time of high water at London-Bridge. III. The exact high water in 110 other ports. IV. The Roman account fitted to our months. V. The sun's rising and setting every day. VI. The length of the day and night. VII. The increase and decrease of the days. VIII. The regulation of pendulum clocks. IX. Choice medicinal observations. X. The eclipses of the luminaries. XI. The necessary furniture of an almanack. XII. Metrical observations with other things of material consequence. Dedicated to the King's most excellent Majesty. By William Salmon professor of physick, living at the Blew Ball, near Holborn-Bridge, London 210 $aLondon $cprinted by W. Horton for the Company of Stationers$d1697 215 $a[48] p. $ctables 300 $aSignatures: A-C. 300 $aWith a final advertisement leaf. 300 $aImperfect: stained and print show-through; trimmed at foot obliterating some signatures and text. 300 $aReproduction of original in the British Library. 330 $aeebo-0113 606 $aAlmanacs$vEarly works to 1800 606 $aAstrology$vEarly works to 1800 615 0$aAlmanacs 615 0$aAstrology 700 $aSalmon$b William$f1644-1713.$0717514 801 0$bCu-RivES 801 1$bCu-RivES 801 2$bCStRLIN 801 2$bCu-RivES 801 2$bWaOLN 906 $aBOOK 912 $a996395804903316 996 $aThe London almanack$92353773 997 $aUNISA